| 000 | 00705nam a2200157 a 4500 | ||
|---|---|---|---|
| 008 | 100205s1977 ||||||||||||||||| || u | ||
| 050 | _aGOV.ZAM(08)WP/13 | ||
| 110 | _aGovernment of the Republic of Zambia. Local Government | ||
| 245 | 1 | 0 |
_aObservations of a mutual help scheme in desai (George complex): mutual help case study No. 2 _cBy the Lusaka Housing Project Evaluation Team |
| 260 |
_aLusaka: _bGovernment Printer _c1977 |
||
| 350 | _a0.00 | ||
| 500 | _aWorking Paper No. 13 | ||
| 650 | _aHOUSING | ||
| 650 | _aPUBLIC HOUSING--ZAMBIA | ||
| 995 |
_D0.00 _FCBU-MAIN LIBRARY (Kitwe) _H1 _I0.00 _M1977 _UAVAILABLE _WFeb 5, 2010 _ZZambiana Collection |
||
| 999 |
_c52475 _d52475 |
||